500 personnages de film en images. - Statistiques

Statistiques générales
  • Ce quiz a été pris 342 fois
    327 depuis la dernière actualisation
  • Le résultat moyen est 157 sur 500
Statistiques - réponses
Par images Réponse % Correct
Le Joker
91%
Winnie l'ourson
91%
Brice Agostini
86%
Obélix
86%
Buzz l'Éclair
85%
Godzilla
85%
Shrek
85%
Mario
84%
Captain America
82%
Pinocchio
82%
Tarzan
82%
Chucky
81%
Alice
80%
Iron Man
79%
Mulan
79%
Astérix
78%
Dumbo
78%
Yoda
78%
Luke Skywalker
77%
Mr Bean
77%
Napoléon Bonaparte
77%
Simba
77%
Spider-man
77%
Vaiana
77%
Voldemort
77%
Wolverine
77%
Aladdin
76%
Aquaman
76%
Jeff Tuche
76%
Timon
76%
Baloo
75%
Pumba
75%
Thanos
75%
Cendrillon
74%
Nemo
74%
Stitch
74%
Bambi
73%
Barbie
73%
Dory
73%
Harry Potter
73%
Zorro
73%
Ariel
72%
Arthur
72%
Capitaine Crochet
72%
Jasmine
72%
Peter Pan
72%
Raiponce
72%
Dobby
71%
Mowgli
71%
Quasimodo
71%
Sid
71%
E.T.
70%
Hulk
70%
Pocahontas
70%
Rémy
70%
Superman
70%
Thor
70%
Blanche-Neige
69%
Dark Vador
69%
Jack Sparrow
69%
L'Âne
69%
Le Chat Potté
69%
Woody
69%
Batman
68%
Deadpool
68%
Elsa
68%
R2-D2
68%
Scar
68%
Albus Dumbledore
67%
Gandalf
67%
Wall-E
67%
Amélie Poulain
66%
Grippe-Sou
66%
Joie
66%
Willy Wonka
66%
Mercredi Addams
65%
Gollum
64%
Groot
64%
Mary Poppins
64%
Severus Rogue
64%
Wonder Woman
64%
Flash
63%
Freddie Mercury
63%
Grincheux
63%
King Kong
63%
Le Petit Prince
63%
Cléopâtre
62%
Flash McQueen
62%
Neo
62%
Rebelle
62%
Venom
62%
Black Panther
61%
Cruella
61%
Edward
61%
Forrest Gump
61%
Indiana Jones
61%
Jafar
61%
Leia Organa
61%
Simplet
61%
Belle
60%
Édith Piaf
60%
Maléfique
60%
Peau d'Âne
60%
Rose DeWitt Bukater
60%
Fantomas
59%
Gandhi
59%
John Rambo
59%
Kevin McCallister
59%
Gru
58%
Léon
58%
Po Ping
58%
Freddy Krueger
57%
Jack Dawson
57%
Katniss Everdeen
57%
Nicolas
57%
Tiana
57%
Marty McFly
56%
C-3PO
55%
Jack Skellington
55%
Robert Oppenheimer
55%
Totoro
55%
Aurore
54%
Maximus Decimus Meridius
54%
Doctor Strange
53%
Jeanne d'Arc
52%
John Wick
52%
Legolas
52%
Beetlejuice
51%
Monstre de Frankenstein
51%
Palpatine
51%
Beethoven
50%
Black Widow
50%
Chihiro
50%
Cyrano de Bergerac
50%
Dark Maul
50%
Frodon Sacquet
50%
Obi-Wan Kenobi
50%
Professeur Xavier
50%
Willy
50%
Hellboy
49%
Numérobis
49%
Scrat
49%
Chapelier fou
48%
Rey
48%
Roméo Montaigu
48%
San
48%
Bob Razowski
47%
Jacquouille la Fripouille
47%
Nanny McPhee
47%
Sully
47%
Achille
46%
Adonis Johnson Creed
46%
Gromit
46%
Han Solo
46%
Abraham Lincoln
45%
Hannibal Lecter
45%
L'œil de Sauron
45%
Otis
45%
Rocky Balboa
45%
Spock
45%
T-800
45%
Billy Elliot
44%
Mark Zuckerberg
44%
Mme Iphigénie Doubtfire
44%
RoboCop
44%
Benjamin Button
43%
Django
43%
Wallace
43%
Aragorn
42%
Babe
42%
Bumblebee
42%
Docteur Emmett Brown
42%
Godefroy de Montmirail
42%
Pete Mitchell
42%
Truman Burbank
42%
Alex
41%
Jean-Claude Dusse
41%
Optimus Prime
41%
Saroumane
41%
V
41%
Aslan
40%
Joseph Merrick
40%
Krokmou
40%
Reine-sorcière
40%
Star-Lord
40%
Bilbon Sacquet
39%
Didier
39%
Duchesse
39%
Edmond Dantès
39%
La coccinelle
39%
Magneto
39%
James Bond
38%
César
37%
Davy Jones
37%
François Pignon
37%
Wilson
37%
Adenoïd Hynkel
36%
Borat Sagdiyev
36%
Predator
36%
Roger Rabbit
36%
Sarah Connor
36%
Smaug
36%
Tony Montana
36%
Bridget Jones
35%
Hubert Bonisseur de La Bath
35%
Nosferatu
35%
Gimli
34%
Jésus-Christ
34%
Vito Corleone
34%
Ace Ventura
33%
Jessica Rabbit
33%
Lawrence d'Arabie
33%
Thomas
33%
Apollo Creed
32%
Claude Frollo
32%
Conan le barbare
32%
Don Camillo
32%
Dorothée Gale
32%
John Caffey
32%
Pierre
32%
Dominic Toretto
31%
Jason
31%
M. Indestructible
31%
Morpheus
31%
Odile Deray
31%
Agent J
30%
Jeff Lebowski
30%
Juliette Capulet
30%
Leonidas
30%
Moïse
30%
Dracula
29%
Ghostface
29%
Paul Atréides
29%
Porco Rosso
29%
Commode
28%
Driss
28%
Gizmo
28%
Jason Bourne
28%
Agent K
27%
Brian O'Conner
27%
Elton John
27%
Lotso
27%
Max Rockatansky
27%
Norman Bates
27%
Charlot
26%
Imperator Furiosa
26%
Leeloo
26%
Ludovic Cruchot
26%
Œil-de-faucon
26%
Vincent Vega
26%
Will Hunting
26%
Austin Powers
25%
Elliott
25%
Oskar Schindler
25%
Pierre Morhange
25%
Trinity
25%
Fatal
24%
Miranda Priestly
24%
Victoire Beretton
24%
Erin Brockovich
23%
Hans Beckert
23%
Jack Torrance
23%
Jake Sully
23%
Michael Myers
23%
Xénomorphe
23%
Daniel Morales
22%
Danny Zuko
22%
Ellen Ripley
22%
Mathilda
22%
Mia Wallace
22%
Sandy Olsson
22%
Manon Cadoret
21%
Robin des Bois
21%
Yannick
21%
Ferdinand Griffon
20%
La Denrée
20%
Tyler Durden
20%
George VI
19%
Hancock
19%
Mia Dolan
19%
Biff Tannen
18%
Claude Verneuil
18%
Cyclope
18%
John McClane
18%
L'Homme sans nom
18%
Professeur Ian Malcolm
18%
Sherlock Holmes
18%
Spartacus
18%
Tatie Danielle
18%
Agent Smith
17%
Clarice Starling
17%
Danny Torrance
17%
Johannes Betzler
17%
Michael Corleone
17%
Nikita
17%
Requin
17%
Alan Parrish
16%
Méchante sorcière de l'Ouest
16%
Pierre Mortez
16%
William Wallace
16%
Al Capone
15%
Hugo Cabret
15%
La Mariée
15%
Le Chiffre
15%
Lee
15%
Patrick Bateman
15%
Bill
14%
Dr Alan Grant
14%
Ethan Hunt
14%
Hans Landa
14%
Jordan Belfort
14%
Judah Ben-Hur
14%
L'Homme de Fer
14%
Philippe
14%
Sebastian Wilder
14%
Tuco
14%
Verbal Kint
14%
Victor Pivert
14%
Andy Dufresne
13%
François Perrin
13%
Leatherface
13%
Axel Foley
12%
Calvin Candie
12%
Dolores Van Cartier
12%
Harvey Milk
12%
Jake Blues
12%
Stanley Ipkiss
12%
Vivian Ward
12%
Don Salluste
11%
Eliot Ness
11%
Leonard Lawrence
11%
Le soldat Pithivier
11%
Scarlett O'Hara
11%
Sentenza
11%
Antonio Salieri
10%
Jake LaMotta
10%
John Doe
10%
Johnny Castle
10%
Larry Daley
10%
Red
10%
Regan Theresa MacNeil
10%
Vinz
10%
Adolfo Ramirez
9%
Alex Delarge
9%
Charles Foster Kane
9%
Chris Kyle
9%
Clément Mathieu
9%
Docteur Folamour
9%
Joseph Cooper
9%
Jules Winnfield
9%
La Mort
9%
Petit Gibus
9%
T-1000
9%
Travis Bickle
9%
Augustin Bouvet
8%
Clementine Kruczynski
8%
Connor MacLeod
8%
Desmond Thomas Doss
8%
François Perrin
8%
Guido Orefice
8%
Idi Amin Dada
8%
Maurice Groseille
8%
Peter Venkman
8%
Pinhead
8%
Rhett Butler
8%
Amon Goeth
7%
Annie Wilkes
7%
Carrie White
7%
Charles Duchemin
7%
Docteur Denfer
7%
Eggsy
7%
Hal 9000
7%
Hans Gruber
7%
John Keating
7%
John Milton
7%
Mildred Ratched
7%
M. White
7%
Sergent instructeur Hartman
7%
Solange Garnier
7%
Stanislas Lefort
7%
Barbarella
6%
Bill le boucher
6%
Capitaine John H. Miller
6%
David Dunn
6%
Delphine Garnier
6%
Edward Daniels
6%
Fernand Naudin
6%
Frank Drebin
6%
Gérard Barbier
6%
Harry Stamper
6%
Henry Hill
6%
Jamal Malik
6%
Le docteur Caligari
6%
Nina Sayers
6%
Wade Owen Watts
6%
Władysław Szpilman
6%
Amy Dunne
5%
Antoine Maréchal
5%
Auric Goldfinger
5%
Benoît Pappaert
5%
Catherine Tramell
5%
Cole Sear
5%
David Aaronson
5%
Dutch Schaefer
5%
Francis Costello
5%
François Merlin
5%
Guillaume de Baskerville
5%
Harry Callahan
5%
Hugh Glass
5%
Joel Barish
5%
John J. Dunbar
5%
John Kramer
5%
Josselin Beaumont
5%
Ken Miles
5%
Le colonel Walter E. Kurtz
5%
Le conducteur
5%
L'Homme à l'harmonica
5%
L'Homme invisible
5%
Lisbeth Salander
5%
Martin Riggs
5%
M. Blonde
5%
M.Gustave
5%
Neil McCauley
5%
Randle McMurphy
5%
Raoul Silva
5%
Raymond Babbitt
5%
Rick Deckard
5%
Sam Rothstein
5%
Sam Wheat
5%
Terence Fletcher
5%
Tommy DeVito
5%
Alonzo Harris
4%
Andrew Beckett
4%
Andrew Neiman
4%
Annie Hall
4%
Anton Chigurh
4%
Barry Lyndon
4%
Buscapé
4%
Capitaine Benjamin L. Willard
4%
Daniel Plainview
4%
François le facteur
4%
Inigo Montoya
4%
Jack Slater
4%
James Markum
4%
Lester Burnham
4%
Martin Brody
4%
Robert McCall
4%
Roger Thornhill
4%
Roy Batty
4%
Samuel Fabelman
4%
Seth Brundle
4%
Snake Plissken
4%
Tony Lip
4%
Antoine Doinel
3%
Bob Harris
3%
Bonnie Parker
3%
Chris Washington
3%
Colonel Dax
3%
David Bowman
3%
Frank
3%
Harry Goldfarb
3%
Héloïse
3%
Jack Burton
3%
Jim Stark
3%
L'empereur Puyi
3%
L'homme amphibien
3%
Marv
3%
Maximilian Bercovicz
3%
Oh Dae-su
3%
Phil Connors
3%
Rupert Pupkin
3%
Zé Pequeno
3%
Atticus Finch
2%
Camille
2%
Capitaine Virgil Hilts
2%
Charlie Brigante
2%
George Bailey
2%
Harry Powell
2%
Juré N°8
2%
Léopold Saroyan
2%
Lieutenant Colonel Bill Kilgore
2%
Marge Gunderson
2%
Maria
2%
Mike Lowrey
2%
Norma Desmond
2%
Rick Blaine
2%
William Munny
2%
Fliora Gaïchoun
1%
Frank Slade
1%
Hidetora Ichimonji
1%
Inspecteur Antoine Gallien
1%
Jill McBain
1%
Le docteur Mabuse
1%
Lieutenant Maréchal
1%
Phyllis Dietrichson
1%
Ringo Kid
1%
Sam Spade
1%
Terry Malloy
1%
Terry Malloy
1%
Winslow Leach
1%
Aucun quiz correspondant
Distribution des résultats
% des personnes avec chaque résultat
Percentile par nombre de réponses
Votre historique - résultats
Vous n’avez pas pris ce quiz depuis la dernière actualisation